000 00881nam a2200217 a 4500
001 BRCA_8522
005 20190320210323.0
008 270716s2016----mx-#######---#000-0#spa-#
050 4 _aN910.M42
_b.V47 2016
100 1 _aVerduzco López, Octavio
_921376
245 1 0 _aLa colección fotográfica histórica de Venustiano Carranza en el Museo Franz Mayer
_buna propuesta de método para la conservación de este acervo fotográfico.
260 _aCiudad de México
_c2016
300 _a93 h.
_c28 cm.
502 _aTesis Licenciatura (Licenciado en Archivonomía) Escuela Nacional de Biblioteconomía y Archivonomía
600 1 4 _aCarranza, Venustiano
_d1859-1920
_xFotografía
_921377
610 2 4 _aMuseo Franz Mayer (Ciudad de México)
_92266
650 1 4 _aFotografía
_xConservación
_95764
700 1 _aCampos Pérez, Lara
_easesora
_921378
902 _aTES
942 _2lcc
_cTES
999 _c8188
_d8188